Szczegóły MARC21

Katolicka a liberalna myśl wychowawcza w Polsce w latach 1918-1939 /

003 -Nazwa inst., której nr kontr. jest w polu 001 [,]
    • @
    • Nazwa instytucji, której n kontrolny jest w polu 001
    • NUKAT
005 -DATA I CZAS OSTATNIEJ MODYFIKACJI [,]
    • @
    • pole kontrolne
    • 20250123164846.0
020 -Międzynarod. znormalizowany nr książki - ISBN [ , ]
    • a
    • Numer ISBN
    • 8322807198 Find
040 -Instytucja sporządzająca opis [ , ]
    • a
    • Instytucja, która sporządziła opis (NP)
    • TOR U/AW
    • c
    • Instytucja, która sporządziła rekord (NP)
    • TOR U/AW
    • d
    • Instytucja, która zmodyfikowała rekord (P)
    • TOR U/LF
041 -Język dokumentu [0, ]
    • a
    • Język tekstu (P)
    • polski
    • b
    • Język streszczeń lub abstraktu (P)
    • angielski
942 -Rodzaj dokumentu [ , ]
    • c
    • Rodzaj dokumentu
    • Książka
245 -Strefa tytułu i oznaczenia odpowiedzialności [0,0]
    • a
    • Tytuł
    • Katolicka a liberalna myśl wychowawcza w Polsce w latach 1918-1939 / Find
    • c
    • Pozostałe elementy strefy tytułu i oznaczenia odpowiedzialności (NP)
    • pod red. Edwarda Walewandra.
246 -Wariant tytułu [1,4]
    • a
    • Tytuł (NP)
    • Katolicka a liberalna myśl wychowawcza w Polsce w okresie międzywojennym
260 -Strefa adresu wydawniczego [ , ]
    • a
    • Miejsce wydania (P)
    • Lublin :
    • b
    • Nazwa wydawcy (P)
    • Redakcja Wydawnictw Katolickiego Uniwersytetu Lubelskiego,
    • c
    • Data wydania (P)
    • 2000.
300 -Strefa opisu fizycznego [ , ]
    • a
    • Określenie formy książki i/lub objętość (NP)
    • 507, [2] s., [32] s. tabl. :
    • b
    • Oznaczenie ilustracji (NP)
    • il. ;
    • c
    • Format (NP)
    • 21 cm.
336 -Typ zawartości [ , ]
    • a
    • Termin opisujący typ zawartości
    • Tekst
    • b
    • Kod określający zawartość
    • txt
    • 2
    • Źródło (terminu i kodu)
    • rdacontent
337 -Typ mediów [ , ]
    • a
    • Tryb odtwarzania
    • Bez urządzenia pośredniczącego
    • b
    • Kod typu mediów
    • n
    • 2
    • Źródło (terminu i kodu)
    • rdamedia
338 -Typ/rodzaj nośnika [ , ]
    • a
    • Hasło opisujące typ nośnika
    • Wolumin
    • b
    • Kod typu nośnika
    • nc
    • 2
    • Źródło (terminu i kodu)
    • rdacarrier
490 -Strefa serii i książki wielotomowej - forma nie do wyszukiwania [1, ]
    • a
    • Tytuł (P)
    • Biblioteka Pedagogiczna Katedry Pedagogiki Porównawczej Wydziału Nauk Społecznych Katolickiego Uniwersytetu Lubelskiego. Seria A, Studia ; Find
    • v
    • Numeracja (P)
    • t. 3
830 -Hasło dodatkowe serii i opisu książki wielotomowej - tytuł ujednolicony/tytuł [ ,0]
    • a
    • Tytuł ujednolicony/tytuł (NP)
    • Biblioteka Pedagogiczna Instytutu Pedagogiki Wydziału Nauk Społecznych Katolickiego Uniwersytetu Lubelskiego.
    • n
    • Oznaczenie części/podserii/sekcji (P)
    • Seria A,
    • p
    • Nazwa części/podserii/sekcji (P)
    • Studia
    • v
    • Oznaczenie tomu (NP)
    • 3
    • 9
    • KHW
    • 505350
546 -Uwaga dot. języka [ , ]
    • a
    • Uwaga dot. języka
    • Wstęp także w jęz. ang. Streszcz. ang. przy ref.
080 -Uniwersalna Klasyfikacja Dziesiętna [ , ]
    • a
    • Symbol klasyfikacji
    • 37.014.521(438)"1918/1939"
080 -Uniwersalna Klasyfikacja Dziesiętna [ , ]
    • a
    • Symbol klasyfikacji
    • :37.018.2(438)"1918/1939"
080 -Uniwersalna Klasyfikacja Dziesiętna [ , ]
    • a
    • Symbol klasyfikacji
    • :37.031(438)"1918/1939"
080 -Uniwersalna Klasyfikacja Dziesiętna [ , ]
    • a
    • Symbol klasyfikacji
    • :373(438)"1918/1939"
080 -Uniwersalna Klasyfikacja Dziesiętna [ , ]
    • a
    • Symbol klasyfikacji
    • :24(438)"1918/1939"
650 -Hasło przedmiotowe [ ,7]
    • a
    • Hasło przedmiotowe
    • Edukacja chrześcijańska
    • z
    • Określnik geograficzny
    • Polska
    • y
    • Określnik chronologiczny
    • 1900-1945.
    • 2
    • Źródło terminu
    • kaba
    • 9
    • KHW
    • 401346
650 -Hasło przedmiotowe [ ,7]
    • a
    • Hasło przedmiotowe
    • Pedagogika
    • z
    • Określnik geograficzny
    • Polska
    • y
    • Określnik chronologiczny
    • 1900-1945.
    • 2
    • Źródło terminu
    • kaba
    • 9
    • KHW
    • 441969
980 -Symbol UKD [ , ]
    • a
    • UKD
    • 37.014.521:37.018.2:37.031:373:24](438)"1918/1939"
700 -Hasło dodatkowe - nazwa osobowa [1, ]
    • a
    • Nazwa osobowa (NP)
    • Walewander, Edward Find
    • d
    • Daty biograficzne (NP)
    • (1947-2025).
    • e
    • Określenie rodzaju współpracy
    • Red.
    • 9
    • KHW
    • 390
710 -Hasło dodatkowe - nazwa ciała zbiorowego [2, ]
    • a
    • Nazwa ciała zbiorowego lub nazwa geograficzna jako pierwszy element (NP)
    • Katolicki Uniwersytet Lubelski.
    • b
    • Nazwa jednostki podrzędnej (P)
    • Redakcja Wydawnictw.
    • 4
    • Kod relacji
    • pbl
    • 9
    • KHW
    • 57813
920 -ISBN [ , ]
    • a
    • ISBN
    • 83-228-0719-8 Find
Lokalizacja Data inwentaryzacji Status udost. Numer inwentarzowy
BG2002-04-041Pd.14850